Stochastické modely v životnom poistení

Problematika životného a nemocenského poistenia z pohľadu aktuárskych výpočtov a faktorov, ktoré ovplyvňujú toto poistenie. Moderné prístupy založené na stochastických modeloch.

Enregistré dans:
Détails bibliographiques
Auteur principal: Škrovánková, Lea, 1954-
Autres auteurs: Škrovánková, Petra, 1981-
Format: Chapitre de livre
Langue:slovaque
Sujets:
Tags: Ajouter un tag
Pas de tags, Soyez le premier à ajouter un tag!

MARC

LEADER 00000naa a2200000 4500
001 0152775
005 20240502072724.2
041 0 |a slo 
044 |a SK 
245 1 0 |a Stochastické modely v životnom poistení  |c Lea Škrovánková, Petra Škrovánková 
520 |a Problematika životného a nemocenského poistenia z pohľadu aktuárskych výpočtov a faktorov, ktoré ovplyvňujú toto poistenie. Moderné prístupy založené na stochastických modeloch. 
610 2 0 |a modely stochastické 
610 2 0 |a funkcie matematické 
610 2 0 |a modely regresné 
610 2 0 |a metódy aktuárske 
610 2 0 |a pravdepodobnosť 
610 2 0 |a poistenie životné 
100 1 |a Škrovánková, Lea, 1954- 
700 1 |a Škrovánková, Petra, 1981-